El cuentacuentos (Registro nro. 4036)
[ vista simple ]
| 000 -CABECERA | |
|---|---|
| Longitud fija campo de control | 01021nam a22002775a 4500 |
| 003 - • IDENTIFICADOR DELl NÚMERO DE CONTROL | |
| Identificador del número de control | CO-ViMGA |
| 005 - • FECHA Y HORA DE LA ÚLTIMA TRANSACCIÓN | |
| Fecha y hora de la última transacción | 20230915223801.0 |
| 008 - • CÓDIGOS DE INFORMACIÓN DE LONGITUD FIJA | |
| Códigos de información de longitud fija | 131011s2013 sp a gr 000 0dspa d |
| 020 ## - • NÚMERO INTERNACIONAL NORMALIZADO PARA LIBROS | |
| Número Internacional Normalizado para Libros (ISBN) | 9788467910872 |
| 040 ## - FUENTE DE LA CATALOGACIÓN | |
| Centro catalogador de origen | CO-ViMGA |
| Lengua de catalogación | spa |
| Centro transcriptor | CO-ViMGA |
| 041 1# - • CÓDIGO DE LENGUA | |
| Código de lengua original | fre |
| 100 10 - • PUNTO DE ACCESO PRINCIPAL-NOMBRE DE PERSONA | |
| Nombre de persona | Zidrou, |
| Fechas asociadas al nombre | 1962- |
| 245 13 - • TITULO PROPIAMENTE DICHO | |
| Título | El cuentacuentos |
| Mención de responsabilidad, etc. | guion Zidrou ; dibujos y color Raphal͡ Beuchot ; traduccion̤ Eva Reyes de Uą. |
| 250 ## - • MENCIÓN DE EDICIÓN | |
| Mención de edición | Edicion especial para El Ministerio de Cultura, Biblioteca Nacional de Colombia |
| 300 ## - • DESCRIPCIÓN FÍSICA | |
| Extensión | 97 paginas |
| Otras características físicas | ilustraciones |
| Dimensiones | 25 cm. |
| 490 0# - • MENCIÓN DE SERIE | |
| Mención de serie | Coleccion nomadas |
| 534 ## - • Nota De Versión Original | |
| Título | Le montreur d'histoires |
| 650 14 - • PUNTO DE ACCESO ADICIONAL DE MATERIA - TÉRMINO DE MATERIA | |
| Fuente del encabezamiento o término | LEMB |
| Término de materia o nombre geográfico como elemento inicial | Cuentos graficos belgas |
| Subdivisión cronológica | Siglo XXI |
| 650 14 - • PUNTO DE ACCESO ADICIONAL DE MATERIA - TÉRMINO DE MATERIA | |
| Fuente del encabezamiento o término | LEMB |
| Término de materia o nombre geográfico como elemento inicial | Tiras comicas, historietas, etc |
| Subdivisión geográfica | Belgica |
| 650 14 - • PUNTO DE ACCESO ADICIONAL DE MATERIA - TÉRMINO DE MATERIA | |
| Fuente del encabezamiento o término | LEMB |
| Término de materia o nombre geográfico como elemento inicial | Titeres y teatro de titeres |
| 700 10 - • PUNTO DE ACCESO ADICIONAL - NOMBRE DE PERSONA | |
| Nombre de persona | Beuchot, Raphal͡ |
| Término indicativo de función | ilustrador |
| 700 10 - • PUNTO DE ACCESO ADICIONAL - NOMBRE DE PERSONA | |
| Nombre de persona | Reyes de Uą, Eva |
| Término indicativo de función | traductor |
| 942 ## - ENTRADA DE ELEMENTOS AGREGADOS (KOHA) | |
| Fuente de clasificaión o esquema | Dewey Decimal Classification |
| Koha [por defecto] tipo de item | LIbro |
| Perdido | Fuente de clasificación o esquema | Estado Físico | No para préstamo | Forma de adquisición | Localización permanente | Localización actual | Localización en estanterías | Fecha adquisición | Préstamos totales | Signatura completa | Código de barras | Fecha última consulta | Número de copia | Fecha del precio de reemplazo | Tipo de item de Koha | Note pública |
|---|---|---|---|---|---|---|---|---|---|---|---|---|---|---|---|---|
| Dewey Decimal Classification | Colección General | Biblioteca Pública Dorado | Biblioteca Pública Dorado | Literatura | 03/02/2023 | H ZIDC | DOR02420 | 03/02/2023 | Ej.1 | 03/02/2023 | LIbro | |||||
| Dewey Decimal Classification | Sala General | Biblioteca Barrio Porfia - Villavicencio | Biblioteca Barrio Porfia - Villavicencio | 06/22/2016 | H ZIDC | 30128 | 06/22/2016 | Ej. 1 | 06/22/2016 | LIbro | ||||||
| Literatura General | Biblioteca Pública Departamental Eduardo Carranza - Villavicencio | Biblioteca Pública Departamental Eduardo Carranza - Villavicencio | Literatura | 02/18/2016 | H ZIDC | ECA24501 | 11/26/2024 | Ej.1 | 11/26/2024 | LIbro | 18462 | 23608 | |||||
| Dewey Decimal Classification | Colección General | Biblioteca Pública La Macarena | Biblioteca Pública La Macarena | General | 08/20/2025 | H ZIDC | LM02947 | 08/20/2025 | Ej.1 | 08/20/2025 | LIbro |